Source Versus Residence : (Record no. 622076)

MARC details
000 -LEADER
fixed length control field 00447nam a2200181 a 4500
008 - FIXED-LENGTH DATA ELEMENTS--GENERAL INFORMATION
fixed length control field 260502s2008##################000#0#eng##
020 ## - INTERNATIONAL STANDARD BOOK NUMBER
ISBN 9789041127631
082 04 - DEWEY DECIMAL CLASSIFICATION NUMBER
Classification number 343.0526
Item number LAN
100 1# - MAIN ENTRY--AUTHOR NAME
Personal name Lang, Michael,
245 10 - TITLE STATEMENT
Title Source Versus Residence :
260 ## - PUBLICATION, DISTRIBUTION, ETC. (IMPRINT)
Year of publication 2008.
650 #0 - SUBJECT ADDED ENTRY--TOPICAL TERM
Topical Term Aliens.
942 ## - ADDED ENTRY ELEMENTS (KOHA)
Koha item type English Books
Holdings
Withdrawn status Lost status Damaged status Not for loan Home library Current library Date acquired Full call number Accession Number Price effective from Koha item type
        Anna Centenary Library Anna Centenary Library 02.05.2026 343.0526 LAN 138076 02.05.2026 English Books

Find us on the map